LaLiga: most matches - Statistics

General Stats
  • This quiz has been taken 169 times
  • The average score is 35 of 150
Answer Stats
Position Player Position Nationality Minutes played Matches Goals % Correct
3 Lionel Messi Right Winger 42.141 520 474
98%
5 Iker Casillas Goalkeeper 43.309 483 0
87%
4 Sergio Ramos Centre-Back 43.970 508 74
82%
92 Cristiano Ronaldo Centre-Forward 25.113 292 311
80%
8 Xavi Central Midfield 36.347 464 57
78%
12 Andrés Iniesta Central Midfield 29.666 442 35
76%
55 Luka Modric Central Midfield 23.777 327 26
76%
6 Sergio Busquets Defensive Midfield 37.472 481 11
75%
13 Karim Benzema Centre-Forward 32.030 439 238
74%
28 Marcelo Left-Back 30.691 386 26
69%
50 Raúl Second Striker 26.140 334 127
69%
14 Dani Alves Right-Back 35.584 436 26
68%
19 Gerard Piqué Centre-Back 35.045 419 32
66%
9 Antoine Griezmann Centre-Forward 35.317 459 174
65%
33 Carles Puyol Centre-Back 31.104 368 13
65%
147 Luis Suárez Centre-Forward 20.279 258 176
65%
119 Toni Kroos Central Midfield 21.851 273 21
62%
75 Damián Suárez Right-Back 25.661 308 6
61%
39 David Villa Centre-Forward 27.253 353 185
59%
17 Ivan Rakitic Central Midfield 28.909 420 58
59%
26 Víctor Valdés Goalkeeper 34.691 387 0
59%
127 Diego Alves Goalkeeper 24.080 270 0
58%
27 Jordi Alba Left-Back 30.674 387 22
57%
34 Diego Godín Centre-Back 32.080 368 21
53%
1 Joaquín Right Winger 42.136 622 78
53%
91 Jan Oblak Goalkeeper 26.451 295 0
52%
7 Jesús Navas Right-Back 37.625 472 26
50%
20 Koke Central Midfield 32.555 418 37
50%
110 Thibaut Courtois Goalkeeper 24.862 277 0
50%
105 Fernando Torres Centre-Forward 19.931 281 103
46%
16 Juanfran Torres Right-Back 32.952 428 16
45%
138 Samuel Eto'o Centre-Forward 22.093 264 156
45%
94 Claudio Bravo Goalkeeper 26.115 291 0
42%
74 Iñaki Williams Right Winger 22.622 308 64
42%
53 Isco Attacking Midfield 19.610 331 51
42%
82 Víctor Sánchez Central Midfield 22.697 301 13
41%
120 Xabi Alonso Defensive Midfield 22.240 272 13
40%
42 Filipe Luís Left-Back 29.588 351 15
36%
2 Raúl García Centre-Forward 37.644 589 110
36%
61 Iago Aspas Centre-Forward 25.535 322 146
34%
11 Aritz Aduriz Centre-Forward 30.222 443 158
32%
51 Carlos Kameni Goalkeeper 29.859 334 0
31%
101 Dani García Central Midfield 23.053 286 2
31%
10 Dani Parejo Central Midfield 36.360 457 70
31%
15 Gabi Central Midfield 32.773 429 21
31%
54 Luis García Central Midfield 25.969 327 73
31%
36 Sergio García Centre-Forward 24.977 361 75
31%
37 Iñigo Martínez Centre-Back 31.597 356 22
30%
93 Guti Central Midfield 17.595 291 37
27%
21 Iker Muniain Attacking Midfield 28.484 414 54
26%
69 Juanfran Left-Back 25.655 314 4
26%
90 Saúl Ñíguez Central Midfield 21.418 295 31
26%
25 Diego López Goalkeeper 34.584 390 0
25%
102 Fernando Llorente Centre-Forward 17.800 285 88
25%
40 Raúl Albiol Centre-Back 29.948 353 8
23%
30 Óscar de Marcos Right-Back 28.095 381 24
21%
71 Adrián López Centre-Forward 18.020 313 45
20%
84 Ángel López Right-Back 23.667 300 7
20%
116 Antonio López Left-Back 23.098 273 15
20%
130 Jorge López Right Winger 18.305 270 35
20%
139 José Gayà Left-Back 22.020 264 7
20%
149 Pedro López Right-Back 20.111 257 5
20%
59 Juan Rodríguez Defensive Midfield 23.952 323 20
18%
129 Moi Gómez Left Winger 17.408 270 26
18%
58 Santi Cazorla Central Midfield 23.096 323 54
18%
41 Gorka Iraizoz Goalkeeper 31.437 353 0
17%
43 Joan Capdevila Left-Back 28.828 350 31
17%
143 Rubén Pérez Defensive Midfield 20.903 261 2
17%
68 Andrés Guardado Central Midfield 22.008 315 17
16%
48 Cani Attacking Midfield 21.005 342 28
16%
114 Gerard Moreno Centre-Forward 20.397 274 108
16%
56 Roberto Soldado Centre-Forward 21.914 325 129
16%
32 Xabi Prieto Attacking Midfield 27.352 377 53
16%
135 Óscar González Attacking Midfield 16.803 267 40
15%
38 Álvaro Negredo Centre-Forward 23.522 354 127
14%
123 Ángel Correa Right Winger 14.109 272 55
12%
112 Fernando Attacking Midfield 17.121 276 53
12%
148 Marcos Senna Defensive Midfield 20.293 258 20
12%
57 David Albelda Defensive Midfield 25.313 324 6
10%
121 Manu del Moral Centre-Forward 17.187 272 53
10%
76 Sergio Asenjo Goalkeeper 27.462 308 0
10%
29 Sergio Canales Attacking Midfield 24.955 384 49
10%
124 Adriano Left-Back 18.860 271 20
9%
23 Andoni Iraola Right-Back 33.607 406 33
9%
142 Cristhian Stuani Centre-Forward 16.458 262 91
9%
66 Manu Trigueros Central Midfield 21.015 316 22
9%
73 Hugo Mallo Right-Back 26.308 309 9
8%
49 Raúl Tamudo Centre-Forward 24.993 340 126
8%
86 Carlos Marchena Centre-Back 22.726 297 11
7%
47 Duda Left Midfield 20.781 343 35
7%
78 Mikel San José Defensive Midfield 22.221 304 27
7%
35 Pedro Munitis Second Striker 24.749 365 29
7%
141 Rubén Baraja Central Midfield 19.258 263 41
7%
104 Rubén Castro Centre-Forward 19.328 282 93
7%
98 Bruno Soriano Defensive Midfield 22.987 288 21
6%
87 Chory Castro Left Winger 17.666 296 41
6%
79 Dudu Aouate Goalkeeper 27.080 303 0
6%
22 Fernando Navarro Left-Back 34.540 413 3
6%
95 Jorge Molina Centre-Forward 17.545 289 73
6%
89 Manuel Pablo Right-Back 25.144 296 1
6%
31 Markel Susaeta Right Winger 25.510 379 38
6%
115 Miguel Ángel Moyá Goalkeeper 24.289 274 0
6%
45 Sergio Central Midfield 26.520 346 33
6%
72 Carlos Gurpegui Centre-Back 24.174 313 18
5%
137 Esteban Granero Central Midfield 15.728 264 17
5%
67 Éver Banega Central Midfield 21.629 315 27
5%
96 Fabián Orellana Right Winger 21.555 288 42
5%
126 Joseba Etxeberria Right Winger 19.051 270 48
5%
18 Patxi Puñal Defensive Midfield 33.292 420 22
5%
107 Asier Illarramendi Defensive Midfield 19.709 279 13
4%
80 Daniel Aranzubia Goalkeeper 26.937 303 1
4%
125 Juanito Centre-Back 23.925 271 21
4%
77 Mario Gaspar Centre-Back 25.670 308 10
4%
46 Pedro León Right Winger 22.863 346 42
4%
88 Vicente Iborra Defensive Midfield 20.692 296 33
4%
99 Víctor Ruiz Centre-Back 23.718 287 8
4%
111 Javi Fuego Defensive Midfield 22.078 277 9
3%
118 Mehdi Lacen Defensive Midfield 19.697 273 7
3%
108 Mikel Balenziaga Left-Back 22.678 278 1
3%
70 Pablo Piatti Left Winger 18.529 313 48
3%
64 Pape Diop Defensive Midfield 24.152 320 12
3%
117 Ángel Lafita Left Winger 16.971 273 36
2%
97 Fran Yeste Attacking Midfield 19.257 288 50
2%
145 Juanmi Left Winger 12.946 260 65
2%
106 Walter Pandiani Centre-Forward 15.169 279 83
2%
24 Alberto Lopo Centre-Back 34.640 400 19
1%
109 Igor Gabilondo Left Midfield 14.120 277 32
1%
134 Iván Ramis Centre-Back 21.832 267 16
1%
60 Javi Casquero Defensive Midfield 23.351 322 43
1%
128 Javi Venta Right-Back 21.708 270 2
1%
144 Joan Verdú Attacking Midfield 19.470 261 34
1%
81 Juan Carlos Valerón Attacking Midfield 18.867 302 20
1%
85 Leo Franco Goalkeeper 26.230 299 0
1%
150 Mikel Aranburu Central Midfield 18.186 255 19
1%
140 Pablo Orbaiz Defensive Midfield 20.163 263 10
1%
122 Ricardo Goalkeeper 24.182 272 0
1%
132 Santi Mina Centre-Forward 15.545 268 63
1%
65 Sergio Ballesteros Centre-Back 28.000 318 6
1%
146 Valdo Right Winger 18.086 259 34
1%
62 Alexis Ruano Centre-Back 26.662 321 18
0%
100 Ariel Ibagaza Attacking Midfield 20.338 286 26
0%
113 David Cortés Right-Back 22.599 274 0
0%
63 Gonzalo Colsa Defensive Midfield 24.107 320 29
0%
44 José Antonio Reyes Right Winger 21.357 347 47
0%
103 José Luis Morales Centre-Forward 20.638 283 69
0%
133 José María Movilla Defensive Midfield 19.147 267 7
0%
52 Josep Lluís Martí Defensive Midfield 25.489 334 8
0%
131 Riki Centre-Forward 15.025 269 51
0%
83 Tomás Pina Central Midfield 20.381 301 8
0%
136 Víctor Casadesús Centre-Forward 16.224 267 49
0%
No matching quizzes found
Score Distribution
Percent of People with Each Score
Percentile by Number Answered
Your Score History
You have not taken this quiz